Mitski and Taylor and also Beyoncé Complete the Lyrics - Statistics

General Stats
  • This quiz has been taken 44 times
  • The average score is 7 of 18
Answer Stats
Hint Answer % Correct
"I found you, I found the door. But when I stepped through,there was no ..." floor
61%
"Everywhere I'm looking now, I'm surrounded by your ..." embrace
53%
"... out the way! I'm with my girls and we all need space" move
53%
"That love is like a ... it's gone, we just see it shining" star
53%
"Look at how my tears ..." ricochet
50%
"... bitches to the right" money
44%
"I'd never trust a ... but they love me" narcissist
44%
"... Jonny made my dress" uncle
44%
"I grew up in this..." house
39%
"And if I ..., could I go on ...?" break
36%
"Your new girl is my ..." clone
36%
"Cash ... larger" getting
36%
"Roaring twenties, tossings ... in the pool" pennies
36%
"I ... when it rains, at night when it rains I ..." drive
33%
"All the ... are on the ground" eggshells
33%
"We'd still ... this love" worship
28%
"And you know I wanna ask you to dance right there,in the middle of the ... ..." parking lot
22%
"I wanna be just like the ..." wind
6%
No matching quizzes found
Score Distribution
Percent of People with Each Score
Percentile by Number Answered
Your Score History
You have not taken this quiz